书目信息 |
| 题名: |
常用仪器仪表原理与使用
|
|
| 作者: | 李宗民 , 钱昭烨 , 刘方新 编著 | |
| 分册: | ||
| 出版信息: | 北京 科学出版社 1999 |
|
| 页数: | 289页 | |
| 开本: | 26cm | |
| 丛书名: | ||
| 单 册: | ||
| 中图分类: | TH70 | |
| 科图分类: | ||
| 主题词: | 仪表装置 , 仪器 , 仪表 | |
| 电子资源: | ||
| ISBN: | 7-03-004787-7 | |
| 000 | 00706nam0 2200229 450 | |
| 001 | 0735592734 | |
| 005 | 20070906095312.73 | |
| 010 | @a7-03-004787-7@d¥28.00 | |
| 100 | @a20070906d km y0chiy0120 ea | |
| 101 | 0 | @achi |
| 200 | 1 | @a常用仪器仪表原理与使用@Achang yong yi qi yi biao yuan li yu shi yong@f刘方新,钱昭烨,李宗民编著@Fliu fang xin,qian zhao ye,li zong min bian zhu |
| 210 | @a北京@c科学出版社@d1999 | |
| 215 | @a289页@d26cm | |
| 606 | 0 | @a仪表装置 |
| 606 | 0 | @a仪器 |
| 606 | 0 | @a仪表 |
| 690 | @aTH70@v3 | |
| 701 | 0 | @a李宗民@Ali zong min@4编著 |
| 701 | 0 | @a钱昭烨@Aqian zhao ye@4编著 |
| 701 | 0 | @a刘方新@Aliu fang xin@4编著 |
| 801 | 0 | @aCN@bPFT@c20070906 |
| 905 | @a213230@dTH70@eP2@f1 | |
| 常用仪器仪表原理与使用/刘方新,钱昭烨,李宗民编著.-北京:科学出版社,1999 |
| 289页;26cm |
| ISBN 7-03-004787-7:¥28.00 |
| ● |
| 相关链接 |
|
|
|
|
正题名:常用仪器仪表原理与使用
索取号:TH70/P2
 
预约/预借
| 序号 | 登录号 | 条形码 | 馆藏地/架位号 | 状态 | 备注 |
| 1 | 7200979 | 272009792 | 物理系资料室/ [索取号:TH70/P2] | 在馆 | |
| 2 | 7200980 | 272009809 | 物理系资料室/ [索取号:TH70/P2] | 在馆 |